| 000 | 01588nam a22001577a 4500 | ||
|---|---|---|---|
| 041 | _aukr | ||
| 080 | _a09 | ||
| 090 | _bШЕВ | ||
| 100 | _aШевчук Т.О. | ||
| 245 | _aОсобливості канадської системи освіти для іммігрантів в умовах багатокультурності | ||
| 260 |
_aОстрог _bКАФ _c2009 |
||
| 300 | _a59 | ||
| 520 |
_aВСТУП
РОЗДІЛ 1 ОСНОВНІ ЗАСАДИ ОСВІТИ В КАНАДІ
1.1 Розвиток полікультурної освіти в Канаді.
1.2 Рівні освітньої системи.
1.3 Конфесійний дуалізм у школах Канади. Історія його розвитку.
РОЗДІЛ 2 ОСВІТА ТА ІММІГРАЦІЙНА СИСТЕМА КАНАДИ
2.1 Роль соціального статусу представників різного етносу в процесі здобуття освіти (на прикладі корінного населення).
2.2 Інтеграція іммігрантів в освітній системі Канади.
2.3 особливості освіти для іммігрантів провінції Квебек.
2.3.1 Шкільна освіта, освіта у коледжах, приватні школи.
2.3.2 Університетська освіта.
2.4 Українська освіта в Канаді.
ВИСНОВКИ _0освіта, Канада, імміграційна система Канади |
||
| 650 | _aResearch Papers | ||
| 999 |
_c284187 _d284187 |
||
| 942 | _cBK | ||